000 00699nam a2200181Ia 4500
003 GCL
008 140319s9999 xx 000 0 ara d
040 _aGCL /
_cGCL
082 0 4 _aط
_b813.02
_bع ك
100 1 _aعفاف عبدالبارى
245 1 0 _aالكتاب الابيض: نورا المغرورة- الطائر الغريب- هشام والسيارة- يوم لن انساه- رحلة صيف- نزلة برد /
_cعفاف عبدالبارى
260 _aبيروت :
_bالشركة الشرقية للمطبوعات
300 _aمتعدد ؛
_c26 سم
490 _aالكتاب الابيض
_v0
650 0 4 _aالاطفال
650 0 4 _aقصص الاطفال
942 _2ddc
_cBK
999 _c38983
_d38983